Qual Estado se encontra essa cidade? - Statistics

Estatísticas Gerais
  • Esse quiz foi jogado 677 vezes
  • A pontuação média é 20 de 30
Estatísticas das Respostas
Hint Resposta % Correto
Gramado Rio Grande do Sul
97%
Brasília Distrito Federal
95%
Guarulhos São Paulo
95%
Chapecó Santa Catarina
93%
Porto Seguro Bahia
92%
Olinda Pernambuco
92%
Sorocaba São Paulo
90%
Maringá Paraná
87%
Anápolis Goiás
84%
Boa Vista Roraima
84%
Ilhéus Bahia
83%
Santarém Pará
73%
Belford Roxo Rio de Janeiro
72%
Betim Minas Gerais
69%
Petrolina Pernambuco
69%
Juazeiro do Norte Ceará
68%
Mossoró Rio Grande do Norte
66%
Campina Grande Paraíba
64%
Parintins Amazonas
63%
Sinop Mato Grosso
62%
Arapiraca Alagoas
49%
Linhares Espírito Santo
44%
São José de Ribamar Maranhão
41%
Naviraí Mato Grosso do Sul
39%
Vilhena Rondônia
39%
Parnaíba Piauí
35%
Cruzeiro do Sul Acre
34%
Bayeux Paraíba
30%
Aragominas Tocantins
26%
Nossa Senhora do Socorro Sergipe
25%
Nenhum quiz correspondente encontrado
Distribuição das Pontuações
Porcentagem de Pessoas com Cada Pontuação
Percentil de Números Respondidos
Sua Pontuação Histórica
Você não jogou esse quiz